[Event "East Lansing (MOR/4/19)"]
[Site "?"]
[Date "1995.??.??"]
[Round "?"]
[White "Eck, J."]
[Black "Richter, William"]
[Result "1-0"]
[WhiteElo "1630"]
[BlackElo "1605"]
[PlyCount "67"]
[EventDate "1995.??.??"]

{4/(19)} 1. e4 c5 2. Nf3 Nc6 3. d4 cxd4 4. Nxd4 Nf6 5. Nc3 e6 6. Be2 a6 7. Bf4
Bb4 8. Nxc6 Bxc3+ 9. bxc3 dxc6 10. Qxd8+ Kxd8 11. Rd1+ Ke7 12. Bd6+ Ke8 13. f3
Bd7 14. O-O Rc8 15. a4 c5 16. Rb1 Bc6 17. a5 Nd7 18. c4 f6 19. Bd3 Kf7 20. f4
Rhe8 21. e5 f5 22. Be2 Be4 23. Bf3 Kg8 24. Bxe4 fxe4 25. Rxb7 Nf8 26. g3 Red8
27. Re1 Rc6 28. Rb6 Rcxd6 29. exd6 Kf7 30. Rxe4 Nd7 31. Rxa6 Nf6 32. Ra7+ Nd7
33. f5 Kf6 34. fxe6 1-0

[Event "East Lansing (Class B/2/11)"]
[Site "?"]
[Date "1995.??.??"]
[Round "?"]
[White "Eck, J."]
[Black "Purkey, L."]
[Result "0-1"]
[WhiteElo "1630"]
[BlackElo "1605"]
[PlyCount "78"]
[EventDate "1995.??.??"]

{2/(11)} 1. e4 g6 2. d4 Bg7 3. Bc4 c6 4. Nc3 Nf6 5. Qf3 O-O 6. e5 Ne8 7. Ne4 d5
8. exd6 Nxd6 9. Nxd6 exd6 10. Be3 d5 11. Be2 Qb6 12. O-O-O Be6 13. h4 c5 14. c3
cxd4 15. Bxd4 Bxd4 16. Rxd4 Nc6 17. Rd2 Rac8 18. h5 Nd4 19. Qf6 Nf5 20. g4 Ng7
21. h6 Ne8 22. Qe5 Qxf2 23. Bb5 Qf6 24. Qe3 Nd6 25. g5 Qe7 26. Rxd5 Nf5 27.
Rxf5 gxf5 28. Nf3 Qc5 29. Qe2 a6 30. Bd3 Rfe8 31. g6 fxg6 32. Qg2 Qe3+ 33. Kc2
Bd5 34. Rf1 Be4 35. Bxe4 Qxe4+ 36. Kc1 Rcd8 37. Re1 Qf4+ 38. Kc2 Rxe1 39. Ng5
Qa4+ 0-1

[Event "Lansing (Mini-Swiss.2/1)"]
[Site "?"]
[Date "1995.??.??"]
[Round "?"]
[White "Eck, J."]
[Black "Charette, K."]
[Result "1-0"]
[WhiteElo "1620"]
[BlackElo "1605"]
[PlyCount "49"]
[EventDate "1995.??.??"]

{2/(1)} 1. e4 e5 2. Nf3 Nf6 3. Nc3 Bb4 4. d3 d6 5. Be2 Bg4 6. Bd2 Nbd7 7. a3
Bxc3 8. bxc3 d5 9. exd5 Nxd5 10. c4 Nf4 11. Bxf4 exf4 12. O-O O-O 13. Nd4 Be6
14. Nxe6 fxe6 15. Bf3 c6 16. Re1 Qe7 17. Bg4 Rf6 18. d4 Re8 19. Rb1 Nf8 20. d5
cxd5 21. cxd5 Qxa3 22. dxe6 Nxe6 23. Rxb7 Qa6 24. Qd7 Rg6 25. Qxe8+ 1-0

[Event "Lansing (Mini-Swiss.2/2)"]
[Site "?"]
[Date "1995.??.??"]
[Round "?"]
[White "Eck, J."]
[Black "Anthony, James"]
[Result "1-0"]
[WhiteElo "1665"]
[BlackElo "1605"]
[PlyCount "95"]
[EventDate "1995.??.??"]

{2/(2)} 1. e4 e5 2. Nf3 d6 3. h3 Nf6 4. d3 Nc6 5. c4 Be7 6. Be2 O-O 7. Nc3 Nd4
8. O-O Nxe2+ 9. Qxe2 c6 10. Nh2 h6 11. Kh1 Kh8 12. f4 exf4 13. Bxf4 Be6 14. e5
Nh7 15. Ng4 dxe5 16. Nxe5 Bg5 17. Ne4 Bxf4 18. Rxf4 Ng5 19. Qh5 Kg8 20. Raf1
Qe7 21. Nf6+ gxf6 22. Rxf6 Nh7 23. Rxh6 Qg5 24. Rxh7 Qxh5 25. Rxh5 Kg7 26. Rf3
Rh8 27. Rg5+ Kf8 28. Ng6+ Kg7 29. Nxh8+ Kxh8 30. Rf4 Bf5 31. Rgxf5 Kg8 32. Rxf7
b6 33. R7f5 Kg7 34. Rg4+ Kh6 35. Rf6+ Kh5 36. Rxc6 Rf8 37. Rc7 Kh6 38. Rxa7 Rb8
39. Rag7 b5 40. c5 b4 41. c6 b3 42. axb3 Rc8 43. Rg8 Rc7 44. Rh8+ Rh7 45. Rxh7+
Kxh7 46. c7 Kh6 47. c8=Q Kh5 48. Qh8# 1-0

[Event "East Lansing (MOR/2/19)"]
[Site "?"]
[Date "1995.??.??"]
[Round "?"]
[White "Eck, J."]
[Black "Andreas, L."]
[Result "1-0"]
[WhiteElo "1630"]
[BlackElo "1605"]
[PlyCount "81"]
[EventDate "1995.??.??"]

{2/(19)} 1. e4 c5 2. Nf3 Nc6 3. d4 cxd4 4. Nxd4 Nf6 5. Nc3 e6 6. Bf4 d6 7. Bb5
Bd7 8. Nxc6 Bxc6 9. O-O Be7 10. e5 dxe5 11. Bxe5 O-O 12. Qe2 Qb6 13. a4 a6 14.
a5 Bxb5 15. axb6 Bxe2 16. Nxe2 Rac8 17. c3 Nd5 18. Nf4 Nxb6 19. Nh5 f6 20. Bd4
Bc5 21. Nf4 Rfe8 22. Rfe1 e5 23. Bxc5 Rxc5 24. h4 Kf7 25. Nh5 g6 26. Ng3 f5 27.
h5 Re6 28. f3 Kf6 29. Kf2 g5 30. Re4 f4 31. Ne2 Kf5 32. g4+ fxg3+ 33. Nxg3+ Kf6
34. Rg4 h6 35. Ne4+ Kf5 36. Nxc5 Re7 37. Rd1 Nc4 38. Rxc4 a5 39. Rg4 b6 40. Ne4
Re6 41. Rd7 1-0

[Event "East Lansing (MI Op/4/32)"]
[Site "?"]
[Date "1995.??.??"]
[Round "?"]
[White "Easter, J."]
[Black "Walker, LeRoy"]
[Result "1-0"]
[WhiteElo "1700"]
[BlackElo "1900"]
[PlyCount "126"]
[EventDate "1995.??.??"]

{4/(32)} 1. d4 Nf6 2. c4 c5 3. d5 e5 4. Nc3 d6 5. e4 Be7 6. h3 Nbd7 7. Be3 Nf8
8. Qd2 Bd7 9. Nf3 a6 10. a4 b6 11. Nxe5 Bxa4 12. Nxf7 Kxf7 13. Rxa4 b5 14. cxb5
axb5 15. Bxb5 Rxa4 16. Bxa4 Qa5 17. f3 Ng6 18. O-O Rb8 19. Ra1 Kg8 20. Ra3 Ne5
21. Bb5 Qc7 22. Qc2 c4 23. Ra7 Rb7 24. Rxb7 Qxb7 25. f4 Nd3 26. Bxc4 Nxb2 27.
Bb3 Nd3 28. Qxd3 Qxb3 29. Qd4 Nh5 30. e5 Ng3 31. Kf2 Bh4 32. Kf3 Nf5 33. Qd3 g6
34. Bf2 Bd8 35. exd6 Nxd6 36. Bc5 Nf5 37. Bd4 Qb2 38. Qb5 Nh4+ 39. Ke3 Nxg2+
40. Kd3 Ne1+ 41. Kc4 Qxb5+ 42. Nxb5 Be7 43. d6 Bxd6 44. Nxd6 Ng2 45. Ne8 h6 46.
Kd5 Kf7 47. Nd6+ Ke7 48. f5 gxf5 49. Nxf5+ Kf7 50. Nxh6+ Kg6 51. Ng4 Kg5 52.
Bf2 Kf5 53. Kd4 Kg5 54. Ke4 Kh5 55. Kf3 Nh4+ 56. Bxh4 Kxh4 57. Nf2 Kh5 58. Kg3
Kg5 59. h4+ Kh5 60. Ne4 Kh6 61. Kg4 Kg6 62. h5+ Kh6 63. Nd6 Kh7 1-0

[Event "East Lansing (MI Op/7/27)"]
[Site "?"]
[Date "1995.??.??"]
[Round "?"]
[White "Easter, J."]
[Black "Manion, Tom"]
[Result "0-1"]
[WhiteElo "1700"]
[BlackElo "1835"]
[PlyCount "21"]
[EventDate "1995.??.??"]

{7/(27)} 1. d4 f5 2. Bg5 g6 3. Nc3 Bg7 4. Qd2 d6 5. h4 h6 6. Be3 Be6 7. d5 Bf7
8. g3 Nd7 9. Nh3 Ne5 10. Bd4 Nf6 11. e3 0-1

[Event "East Lansing (MI Op/3/34)"]
[Site "?"]
[Date "1995.??.??"]
[Round "?"]
[White "Easter, J."]
[Black "Henderson, H."]
[Result "1-0"]
[WhiteElo "1700"]
[BlackElo "1835"]
[PlyCount "71"]
[EventDate "1995.??.??"]

{3/(34)} 1. d4 Nf6 2. c4 c5 3. d5 e6 4. Nc3 exd5 5. cxd5 d6 6. e4 g6 7. Nf3 Bg7
8. h3 O-O 9. Bd3 a6 10. a4 Qc7 11. Bf4 c4 12. Bc2 Nbd7 13. O-O Re8 14. Re1 Nh5
15. Be3 Nc5 16. Qe2 Bd7 17. Qxc4 b5 18. axb5 axb5 19. Nxb5 Bxb5 20. Qxb5 Rab8
21. Qa5 Qc8 22. e5 Nb7 23. Qc3 dxe5 24. Ba4 e4 25. Nd4 Re7 26. Qxc8+ Rxc8 27.
Nc6 Rec7 28. Bb6 Bxb2 29. Rab1 Bg7 30. Bxc7 Rxc7 31. Rxe4 Nf6 32. Re7 Nc5 33.
Rxc7 Nxa4 34. Rb8+ Bf8 35. d6 Nd5 36. Rcc8 1-0

[Event "East Lansing (MI Op/1a/9)"]
[Site "?"]
[Date "1995.??.??"]
[Round "?"]
[White "Eagle, Chris"]
[Black "Wisckol, Richard"]
[Result "1/2-1/2"]
[WhiteElo "2155"]
[BlackElo "1895"]
[PlyCount "100"]
[EventDate "1995.??.??"]

1. e4 c5 2. Nf3 Nc6 3. g3 g6 4. Bg2 Bg7 5. O-O d6 6. d3 e6 7. c3 Nge7 8. Nh4
O-O 9. f4 Qc7 10. Be3 b5 11. d4 cxd4 12. cxd4 Qb6 13. Nf3 Bb7 14. Qd2 Qa5 15.
Nc3 b4 16. Ne2 Ba6 17. Rfc1 Rfc8 18. e5 d5 19. g4 Bf8 20. Ng3 b3 21. Qxa5 Nxa5
22. Rxc8 Bxc8 23. axb3 Nec6 24. Rc1 Bd7 25. f5 Nxb3 26. Rc3 Nba5 27. fxe6 fxe6
28. Ne2 Rb8 29. Rc2 Nc4 30. Kf2 Rxb2 31. Rxb2 Nxb2 32. Nf4 Bh6 33. Nxd5 Bxe3+
34. Nxe3 a5 35. Ke2 a4 36. Kd2 a3 37. Kc2 Nb4+ 38. Kb3 Ba4+ 39. Kxa3 N4d3 40.
Bf1 Bc6 41. Ne1 Nxe1 42. Kxb2 Nf3 43. Kc3 Nxh2 44. Bc4 Kf7 45. d5 Bxd5 46. Nxd5
exd5 47. Bxd5+ Ke7 48. g5 Ng4 49. Kd4 h6 50. Bf3 Nxe5 1/2-1/2

[Event "East Lansing (MI Op/5/11)"]
[Site "?"]
[Date "1995.??.??"]
[Round "?"]
[White "Eagle, Chris"]
[Black "Triplett, Thomas"]
[Result "1/2-1/2"]
[WhiteElo "2155"]
[BlackElo "1900"]
[PlyCount "87"]
[EventDate "1995.??.??"]

{5/(11)} 1. e4 c5 2. Nf3 d6 3. g3 Nf6 4. d3 g6 5. Bg2 Bg7 6. O-O O-O 7. Nbd2
Nbd7 8. Nh4 Rb8 9. a4 a5 10. Nc4 Ne5 11. Ne3 Bd7 12. f4 Nc6 13. g4 Qc8 14. f5
Ne8 15. g5 b5 16. axb5 Rxb5 17. Nd5 e6 18. fxe6 fxe6 19. Rxf8+ Bxf8 20. Nf6+
Nxf6 21. gxf6 e5 22. Qf3 Be6 23. b3 Rb7 24. Bg5 Rf7 25. Rf1 Nd4 26. Qf2 Qd8 27.
Nf3 Nxf3+ 28. Qxf3 Bg7 29. h4 h6 30. fxg7 hxg5 31. Qg3 Rxf1+ 32. Bxf1 g4 33.
Be2 Qd7 34. Qe1 a4 35. bxa4 Qxa4 36. Qd2 Qd7 37. Qg5 Kxg7 38. h5 Qf7 39. Bxg4
Bxg4 40. Qxg4 Kh6 41. Qxg6+ Qxg6+ 42. hxg6 Kxg6 43. Kg2 Kg5 44. Kg3 1/2-1/2

[Event "Troy (US Am N/4/2)"]
[Site "?"]
[Date "1995.??.??"]
[Round "?"]
[White "Eagle, Chris"]
[Black "Skidmore, Jennifer"]
[Result "1-0"]
[WhiteElo "2130"]
[BlackElo "1920"]
[PlyCount "55"]
[EventDate "1995.??.??"]

{4/(2)} 1. e4 e5 2. Nf3 d6 3. d4 Nf6 4. dxe5 Nxe4 5. Bc4 c6 6. O-O Be7 7. exd6
Nxd6 8. Bd3 Bg4 9. h3 Bh5 10. Bf4 O-O 11. Nc3 Re8 12. Re1 a5 13. Rxe7 Rxe7 14.
Bxd6 Re6 15. Bg3 Nd7 16. Bf5 Re7 17. Bd6 Re8 18. Qd3 Nf6 19. Rd1 Qb6 20. b3
Rad8 21. Ne4 Nd5 22. c4 Bxf3 23. Qxf3 Nb4 24. Bxh7+ Kxh7 25. Qh5+ Kg8 26. Ng5
Rxd6 27. Qxf7+ Kh8 28. Qxe8# 1-0

[Event "East Lansing (MI Op/3/11)"]
[Site "?"]
[Date "1995.??.??"]
[Round "?"]
[White "Eagle, Chris"]
[Black "Jarosz, Stan"]
[Result "1/2-1/2"]
[WhiteElo "2155"]
[BlackElo "2020"]
[PlyCount "89"]
[EventDate "1995.??.??"]

{3/(11)} 1. e4 e6 2. d3 d5 3. Nd2 Nf6 4. Ngf3 c5 5. g3 Nc6 6. Bg2 Be7 7. O-O
O-O 8. Re1 b5 9. e5 Nd7 10. Nf1 a5 11. h4 Ba6 12. N1h2 b4 13. Bf4 c4 14. d4 c3
15. bxc3 bxc3 16. Re3 Rc8 17. Rxc3 Ncxe5 18. Rxc8 Nxf3+ 19. Nxf3 Qxc8 20. Nd2
Qc3 21. Nb3 a4 22. Bd2 Qc6 23. Na5 Qc7 24. c4 Bxc4 25. Qxa4 Ra8 26. Qc6 Qxc6
27. Nxc6 Bf6 28. f4 Rxa2 29. Rxa2 Bxa2 30. Kf2 Bc4 31. Bb4 Bb5 32. Ne5 Bxe5 33.
fxe5 f6 34. exf6 gxf6 35. Bf3 Bd3 36. Ke3 Bb1 37. g4 Kf7 38. g5 fxg5 39. hxg5
Kg6 40. Kf4 Nb8 41. Be2 Nc6 42. Bc5 e5+ 43. dxe5 Nd8 44. Bg4 Kf7 45. e6+
1/2-1/2

[Event "Troy (US Am N/2/2)"]
[Site "?"]
[Date "1995.??.??"]
[Round "?"]
[White "Eagle, Chris"]
[Black "Grams, Paul"]
[Result "1-0"]
[WhiteElo "2130"]
[BlackElo "1825"]
[PlyCount "53"]
[EventDate "1995.??.??"]

{2/(2)} 1. e4 c5 2. Nf3 d6 3. g3 Nf6 4. d3 Nc6 5. Bg2 e6 6. O-O Be7 7. Nbd2 O-O
8. h4 d5 9. e5 Ng4 10. Re1 f6 11. exf6 Bxf6 12. Nb3 Qb6 13. Nh2 Nxf2 14. Qe2
Nd4 15. Nxd4 Bxd4 16. Be3 c4 17. Bxd4 Qxd4 18. Nf3 Rxf3 19. Bxf3 Nxd3+ 20. Qe3
Qxe3+ 21. Rxe3 Nb4 22. Re2 Bd7 23. Bg4 Re8 24. Rae1 Kf7 25. Rf1+ Kg8 26. Ref2
Bc6 27. Bxe6+ 1-0

[Event "Troy (US Am N/6/1)"]
[Site "?"]
[Date "1995.??.??"]
[Round "?"]
[White "Eagle, Chris"]
[Black "Dowling, Jo"]
[Result "1-0"]
[WhiteElo "2130"]
[BlackElo "2195"]
[PlyCount "41"]
[EventDate "1995.??.??"]

{6/(1)} 1. e4 e5 2. Nf3 d5 3. Nxe5 Bd6 4. d4 dxe4 5. Nc4 Nf6 6. Bg5 O-O 7. Nc3
Bb4 8. Qd2 Re8 9. a3 Bxc3 10. Qxc3 Nc6 11. O-O-O Nd5 12. Qg3 f6 13. Bh6 Re7 14.
Ne3 Kh8 15. Nxd5 Qxd5 16. Bf4 Qa2 17. Qc3 Bg4 18. Bc4 Qa1+ 19. Kd2 Bxd1 20.
Rxd1 e3+ 21. fxe3 1-0

[Event "Troy (US Am N/3/30)"]
[Site "?"]
[Date "1995.??.??"]
[Round "?"]
[White "Duncan, Robert"]
[Black "Young, A."]
[Result "1-0"]
[WhiteElo "1605"]
[BlackElo "1605"]
[PlyCount "51"]
[EventDate "1995.??.??"]

{3/(30)} 1. d4 d5 2. Nf3 Nf6 3. Bg5 e6 4. Nbd2 Bb4 5. c3 Be7 6. e3 Ne4 7. Bxe7
Qxe7 8. Nxe4 dxe4 9. Nd2 f5 10. Qh5+ Kf8 11. Bb5 Bd7 12. Bxd7 Nxd7 13. O-O Nf6
14. Qh4 Nd5 15. Qxe7+ Kxe7 16. Nc4 Nb6 17. Nxb6 axb6 18. a4 Ra7 19. Ra3 Rha8
20. Rfa1 b5 21. axb5 Kd6 22. Rxa7 Rxa7 23. Rxa7 b6 24. c4 c6 25. bxc6 Kxc6 26.
Rxg7 1-0

[Event "Troy (US Am N/1/45)"]
[Site "?"]
[Date "1995.??.??"]
[Round "?"]
[White "Duncan, Robert"]
[Black "Butler, G."]
[Result "1-0"]
[WhiteElo "1605"]
[BlackElo "1605"]
[PlyCount "55"]
[EventDate "1995.??.??"]

{1/(45)} 1. d4 d5 2. Nf3 Nf6 3. Bg5 Nc6 4. Nbd2 Bf5 5. e3 e6 6. Be2 Bb4 7. c3
Bd6 8. Nh4 O-O 9. Nxf5 exf5 10. Bd3 Qd7 11. Bxf6 gxf6 12. Qh5 Ne7 13. g4 Ng6
14. gxf5 Ne7 15. Qh6 Nxf5 16. Qxf6 Qe6 17. Rg1+ Bg3 18. Qxf5 Qxf5 19. Bxf5 Rfe8
20. Rxg3+ Kf8 21. O-O-O b6 22. e4 dxe4 23. Re1 c5 24. dxc5 bxc5 25. Bxh7 Ke7
26. Rxe4+ Kd7 27. Rd3+ Kc7 28. Rxe8 1-0

[Event "Troy (US Am N/5/27)"]
[Site "?"]
[Date "1995.??.??"]
[Round "?"]
[White "Duncan, Robert"]
[Black "Aldrich, Justin"]
[Result "0-1"]
[WhiteElo "1605"]
[BlackElo "1605"]
[PlyCount "66"]
[EventDate "1995.??.??"]

{5/(27)} 1. d4 d5 2. Nf3 Nf6 3. Bg5 Bg4 4. Nbd2 e6 5. h3 Bh5 6. g4 Bg6 7. Ne5
Be7 8. Nxg6 hxg6 9. e3 a6 10. Bg2 Nc6 11. f4 Nh7 12. Bxe7 Qxe7 13. g5 f6 14. h4
O-O-O 15. a3 Nf8 16. Nf3 Nd7 17. Qd2 Nb6 18. b3 Rh7 19. a4 e5 20. fxe5 fxe5 21.
c3 e4 22. Ng1 Rdh8 23. Qf2 Na5 24. b4 Nac4 25. a5 Nd7 26. Bh3 Rf8 27. Qg3 Qf7
28. Ke2 Rhh8 29. Rf1 Qe8 30. Bxd7+ Qxd7 31. Rxf8+ Rxf8 32. Qh3 Rf5 33. Rh2 Qa4
0-1

[Event "Grand Rapids (MI Am/1/10)"]
[Site "?"]
[Date "1995.??.??"]
[Round "?"]
[White "Dumas, Steve"]
[Black "Townsend, Paul"]
[Result "0-1"]
[WhiteElo "1605"]
[BlackElo "1860"]
[PlyCount "94"]
[EventDate "1995.??.??"]

{1/(10)} 1. d4 e6 2. Nf3 f5 3. e3 Nf6 4. Bd3 Be7 5. Nbd2 O-O 6. O-O d5 7. Re1
c6 8. a3 Ne4 9. Nf1 Nd7 10. c4 Ndf6 11. h3 Bd6 12. c5 Bc7 13. Ne5 Nd7 14. f4
Nxe5 15. dxe5 Nxc5 16. Bc2 Bb6 17. b4 Ne4 18. Bxe4 fxe4 19. Bb2 Rxf4 20. Bd4
Rf8 21. Kh1 Qg5 22. Ra2 Bd7 23. Bxb6 axb6 24. Qa1 Rf5 25. a4 Raf8 26. a5 Rf2
27. Rxf2 Rxf2 28. g4 Qh4 29. Kg1 Rf3 30. Re2 Rxh3 31. Rh2 Qxg4+ 32. Rg2 Qh4 33.
Rh2 Rxh2 34. Nxh2 Qg3+ 35. Kh1 Qxe3 36. axb6 Qxb6 37. Ng4 Qa6 38. Qg1 Kf7 39.
Qf2+ Ke8 40. Kh2 Qb5 41. Nf6+ gxf6 42. Qxf6 Qe2+ 43. Kg1 Qg4+ 44. Kh2 Qh5+ 45.
Kg3 Qg6+ 46. Qxg6+ hxg6 47. Kf4 Kf7 0-1

[Event "East Lansing (Class DE/4/18)"]
[Site "?"]
[Date "1995.??.??"]
[Round "?"]
[White "Dumas, Steve"]
[Black "McKnight, Rusty"]
[Result "1-0"]
[WhiteElo "1605"]
[BlackElo "1605"]
[PlyCount "51"]
[EventDate "1995.??.??"]

{4/(18)} 1. d4 e6 2. e3 d5 3. Nf3 g6 4. Nbd2 Bg7 5. Bd3 Nf6 6. O-O b6 7. c3 O-O
8. Re1 c5 9. e4 c4 10. Bc2 Re8 11. e5 Nh5 12. Nf1 b5 13. a3 Bb7 14. g4 Ng3 15.
fxg3 a5 16. Bg5 Qb6 17. h4 Nc6 18. h5 b4 19. hxg6 hxg6 20. Re2 b3 21. Bb1 Rf8
22. Rh2 a4 23. Qd2 Rfc8 24. Bf6 Bxf6 25. exf6 Kf8 26. Rh8# 1-0

[Event "East Lansing (Class DE/2/8)"]
[Site "?"]
[Date "1995.??.??"]
[Round "?"]
[White "Dumas, Steve"]
[Black "Jensen, Robert"]
[Result "0-1"]
[WhiteElo "1605"]
[BlackElo "1605"]
[PlyCount "78"]
[EventDate "1995.??.??"]

{2/(8)} 1. d4 d5 2. Nf3 Nf6 3. e3 Bg4 4. Nbd2 e6 5. c3 Nbd7 6. Bd3 c5 7. O-O c4
8. Bb1 Bd6 9. Re1 O-O 10. b3 b5 11. e4 e5 12. h3 Bh5 13. Qc2 Bg6 14. Qd1 Rc8
15. b4 h6 16. Nf1 Bxe4 17. Bxe4 Nxe4 18. Bb2 Re8 19. a4 a6 20. a5 Ng5 21. dxe5
Nxf3+ 22. Qxf3 Rxe5 23. Ne3 Qe7 24. Re2 Qf6 25. Qxf6 Nxf6 26. Rae1 Rce8 27. Bc1
Ne4 28. Ng4 R5e6 29. Bb2 h5 30. Nh2 Be5 31. Nf3 Bxc3 32. Bxc3 Nxc3 33. Rxe6
Rxe6 34. Rxe6 fxe6 35. Ne5 Na2 36. Nc6 c3 37. Nd4 e5 38. Ne2 d4 39. Kf1 d3 0-1

[Event "Troy (US Am N/6/40)"]
[Site "?"]
[Date "1995.??.??"]
[Round "?"]
[White "Dumas, Steve"]
[Black "Dory, T."]
[Result "0-1"]
[WhiteElo "1605"]
[BlackElo "1605"]
[PlyCount "70"]
[EventDate "1995.??.??"]

{6/(40)} 1. d4 Nf6 2. Nf3 b6 3. e3 Bb7 4. Nbd2 d6 5. Bd3 e5 6. e4 exd4 7. Nxd4
Nbd7 8. O-O Be7 9. Re1 O-O 10. Nf5 Ne5 11. Nf1 Re8 12. N1g3 Bf8 13. Bg5 h6 14.
Bf4 Kh7 15. Bxe5 dxe5 16. Nh4 Bc5 17. Qf3 g6 18. Rad1 Qe7 19. Nhf5 gxf5 20.
Nxf5 Qf8 21. Nh4 Qg7 22. Qf5+ Kh8 23. Kh1 Qg5 24. Qxg5 hxg5 25. Nf5 Ng4 26. Rd2
Nxf2+ 27. Rxf2 Bxf2 28. Rf1 Bc5 29. Nh6 Kg7 30. Nf5+ Kg6 31. c3 a5 32. a3 Ba6
33. c4 Rad8 34. Rf3 Bc8 35. Ng3 g4 0-1

[Event "Troy (US Am N/3/44)"]
[Site "?"]
[Date "1995.??.??"]
[Round "?"]
[White "Dumas, Steve"]
[Black "Chia, L."]
[Result "1/2-1/2"]
[WhiteElo "1605"]
[BlackElo "1605"]
[PlyCount "176"]
[EventDate "1995.??.??"]

{3/(44)} 1. d4 Nf6 2. Nf3 d5 3. e3 e6 4. Nbd2 Bd6 5. Bd3 O-O 6. O-O Qe7 7. Re1
c5 8. e4 dxe4 9. Nxe4 Nxe4 10. Bxe4 Rd8 11. d5 e5 12. Bxh7+ Kxh7 13. Ng5+ Kg6
14. f4 f6 15. Qd3+ Bf5 16. Ne4 Na6 17. Qg3+ Kf7 18. fxe5 Bxe5 19. Ng5+ Kf8 20.
Rxe5 fxe5 21. Bd2 Rxd5 22. Bc3 Rad8 23. Rf1 Rd1 24. Be1 g6 25. Qh4 Kg8 26. g4
R1d4 27. h3 R8d7 28. c3 Rf4 29. Bf2 e4 30. Re1 Rd2 31. Be3 Rxb2 32. Bxf4 Be6
33. Be5 Kf8 34. Qh6+ Ke8 35. Qxg6+ Bf7 36. Nxf7 Qxf7 37. Qxf7+ Kxf7 38. c4 Rxa2
39. Rxe4 Nb4 40. Bd6 b6 41. h4 Rd2 42. Bf4 Rd3 43. Bb8 Nc6 44. Rf4+ Ke6 45.
Re4+ Kf7 46. Bc7 Nd4 47. Rf4+ Ke6 48. Re4+ Kd7 49. Bb8 a5 50. g5 a4 51. g6 a3
52. g7 a2 53. Re1 Nf3+ 54. Kf2 Nxe1 55. Be5 Rf3+ 56. Ke2 Rg3 57. Bxg3 a1=Q 58.
g8=Q Qb2+ 59. Kxe1 Qc3+ 60. Kf1 Qd3+ 61. Kg1 Qd1+ 62. Kg2 Qe2+ 63. Bf2 Qe4+ 64.
Kf1 Qb1+ 65. Be1 Qd3+ 66. Kf2 Qd4+ 67. Ke2 Qe4+ 68. Kd1 Qd3+ 69. Bd2 Qb1+ 70.
Ke2 Qe4+ 71. Be3 Qxh4 72. Qd5+ Ke8 73. Qc6+ Kf7 74. Qc7+ Ke8 75. Kd3 Qd8+ 76.
Qxd8+ Kxd8 77. Ke4 Kc7 78. Kd5 Kb7 79. Bxc5 bxc5 80. Kxc5 Kc7 81. Kb5 Kb7 82.
c5 Kc7 83. c6 Kc8 84. Kc5 Kc7 85. Kd5 Kc8 86. Kc5 Kc7 87. Kb5 Kc8 88. Kb6 Kb8
1/2-1/2

[Event "Grand Rapids (MI Am/3/18)"]
[Site "?"]
[Date "1995.??.??"]
[Round "?"]
[White "Dumas, Steve"]
[Black "Brooks, Brion"]
[Result "0-1"]
[WhiteElo "1605"]
[BlackElo "1730"]
[PlyCount "66"]
[EventDate "1995.??.??"]

{3/(18)} 1. d4 Nf6 2. e3 e6 3. Nf3 b6 4. Bd3 Bb7 5. Nbd2 d5 6. O-O Be7 7. Re1
Nbd7 8. e4 O-O 9. e5 Ne8 10. Nf1 c5 11. c3 Bc8 12. Be3 f6 13. Qc2 f5 14. N3d2
Nc7 15. f4 Ba6 16. c4 dxc4 17. Bxc4 Bxc4 18. Nxc4 Nd5 19. Bd2 cxd4 20. a3 Rc8
21. Qd3 Nc5 22. Qc2 d3 23. Qd1 Ne4 24. Nd6 Bxd6 25. exd6 Qxd6 26. Bc1 Nxf4 27.
Qf3 Ne2+ 28. Kh1 Rxc1 29. Raxc1 Qd4 30. Rxe2 dxe2 31. Ne3 Qd2 32. Rg1 e1=Q 33.
Nf1 Nf2+ 0-1

[Event "East Lansing (Class DE/5/11)"]
[Site "?"]
[Date "1995.??.??"]
[Round "?"]
[White "Dumas, Steve"]
[Black "Boyer, Mike"]
[Result "0-1"]
[WhiteElo "1605"]
[BlackElo "1605"]
[PlyCount "106"]
[EventDate "1995.??.??"]

{5/(11)} 1. d4 d5 2. Nf3 Nf6 3. e3 e6 4. Bd3 Nc6 5. Nbd2 Be7 6. O-O Nb4 7. Ne1
Qd6 8. Ndf3 Nxd3 9. Nxd3 Qd8 10. Nde5 Ne4 11. Nd3 f6 12. Nfe1 O-O 13. Nf4 a6
14. f3 Ng5 15. Ned3 Bd6 16. Ne2 Qe8 17. f4 Nf7 18. Rf3 Bd7 19. Ng3 e5 20. fxe5
fxe5 21. dxe5 Bxe5 22. Rf2 Bxg3 23. hxg3 Nd6 24. Nf4 c6 25. b3 b5 26. Bb2 Ne4
27. Rf1 Nxg3 28. Rf2 Qe7 29. Qd4 Rf7 30. c4 bxc4 31. bxc4 Qh4 32. Nh3 Qxd4 33.
Bxd4 Rxf2 34. Kxf2 Ne4+ 35. Ke2 Rf8 36. cxd5 cxd5 37. Nf4 Bb5+ 38. Kf3 Bc4 39.
Kg4 Nf2+ 40. Kg3 Ne4+ 41. Kg4 g5 42. Ne6 Rf2 43. Kh3 Bf1 44. Rb1 Bxg2+ 45. Kg4
Bf3+ 46. Kf5 g4 47. Rb7 Nd6+ 48. Kf4 Nxb7 49. e4 Rxa2 50. e5 h5 51. Ng5 Ra4 52.
Ne6 h4 53. Kg5 h3 0-1

[Event "Troy (US Am N/1/26)"]
[Site "?"]
[Date "1995.??.??"]
[Round "?"]
[White "Dumas, Steve"]
[Black "Bee, A."]
[Result "0-1"]
[WhiteElo "1605"]
[BlackElo "1870"]
[PlyCount "66"]
[EventDate "1995.??.??"]

{1/(26)} 1. d4 e6 2. Nf3 Nf6 3. e3 b6 4. Nbd2 Bb7 5. Bd3 d5 6. O-O Bd6 7. Ne5
Nbd7 8. Bb5 O-O 9. Ndf3 a6 10. Bc6 Bxc6 11. Nxc6 Qe8 12. Nce5 Ne4 13. Nd3 Rc8
14. Nfe5 f6 15. Nf3 c6 16. Nf4 e5 17. Ne2 Bb8 18. Ng3 Nxg3 19. fxg3 e4 20. Ne1
f5 21. c3 Qg6 22. Nf3 exf3 23. Rxf3 Nf6 24. Qe1 Rce8 25. b3 Re4 26. Qe2 Ng4 27.
Qxa6 b5 28. h3 Nh6 29. Bd2 Nf7 30. Be1 Ng5 31. Rf1 Rxe3 32. Bf2 Nxh3+ 33. gxh3
Rxg3+ 0-1

[Event "Eastpointe (MCO/1/5)"]
[Site "?"]
[Date "1995.??.??"]
[Round "?"]
[White "Drkulec, Vladimir"]
[Black "West, Tony"]
[Result "1-0"]
[WhiteElo "2140"]
[BlackElo "1615"]
[PlyCount "43"]
[EventDate "1995.??.??"]

{1/(5)} 1. d4 Nf6 2. c4 c5 3. d5 b5 4. cxb5 a6 5. Nc3 g6 6. e4 d6 7. Nf3 Bg7 8.
bxa6 Bxa6 9. Bxa6 Nxa6 10. O-O O-O 11. Bf4 Qb6 12. Qe2 Rfb8 13. Rab1 Nc7 14. b3
Nd7 15. Rbc1 Qa5 16. e5 Qa6 17. Rfe1 Rb4 18. Bg3 f5 19. exd6 exd6 20. Qe7 Bxc3
21. Rxc3 Nxd5 22. Qe6+ 1-0

[Event "Eastpointe (MCO/3/5)"]
[Site "?"]
[Date "1995.??.??"]
[Round "?"]
[White "Drkulec, Vladimir"]
[Black "Sobocinski, Mike"]
[Result "1-0"]
[WhiteElo "2140"]
[BlackElo "2005"]
[PlyCount "89"]
[EventDate "1995.??.??"]

{3/(5)} 1. d4 d5 2. c4 e6 3. Nc3 Nf6 4. Bg5 Be7 5. e3 O-O 6. Nf3 Nbd7 7. Rc1 c6
8. Bd3 h6 9. Bh4 dxc4 10. Bxc4 Nd5 11. Bxe7 Qxe7 12. O-O Nxc3 13. Rxc3 e5 14.
Qc2 e4 15. Nd2 Nf6 16. Rb1 Nd5 17. Bxd5 cxd5 18. Rc7 Qg5 19. Rc1 Bh3 20. g3 Bg4
21. Qb3 Rac8 22. Rxc8 Rxc8 23. Rc3 Rxc3 24. bxc3 Bc8 25. Qb5 Qf5 26. Qa5 a6 27.
Qb6 Qe6 28. Qc7 Qd7 29. Qc5 Qe6 30. a3 Bd7 31. Qb4 Qc6 32. c4 a5 33. Qxa5 dxc4
34. Nxc4 Bh3 35. Qh5 Qxc4 36. Qxh3 Qc1+ 37. Kg2 g6 38. Qd7 Qb1 39. Qe7 f5 40.
Qf6 Kh7 41. Qf7+ Kh8 42. Qxg6 Qd1 43. Qxh6+ Kg8 44. Qg6+ Kh8 45. Qxf5 1-0

[Event "Eastpointe (MCO/5/3)"]
[Site "?"]
[Date "1995.??.??"]
[Round "?"]
[White "Drkulec, Vladimir"]
[Black "Koster, Ed"]
[Result "1/2-1/2"]
[WhiteElo "2140"]
[BlackElo "2105"]
[PlyCount "139"]
[EventDate "1995.??.??"]

1. d4 Nf6 2. c4 g6 3. Nc3 d5 4. cxd5 Nxd5 5. e4 Nxc3 6. bxc3 Bg7 7. Bc4 O-O 8.
Ne2 Nc6 9. O-O b6 10. Be3 Bb7 11. Qd2 Na5 12. Bd3 c5 13. Rac1 cxd4 14. cxd4 e6
15. f3 Qd7 16. Rfd1 Rfc8 17. Qb4 Bf8 18. Qb2 Qa4 19. Bb5 Qa3 20. Qxa3 Bxa3 21.
Rxc8+ Rxc8 22. Bg5 a6 23. Rd3 Bd6 24. Ba4 b5 25. Bd1 Nc4 26. Bb3 a5 27. Rc3 Nb6
28. Rxc8+ Bxc8 29. Bd8 a4 30. Bxb6 axb3 31. axb3 f5 32. e5 Bb4 33. Nc1 Bb7 34.
Kf2 Bd5 35. Nd3 Bc3 36. b4 Bc4 37. Ke3 Bxd3 38. Kxd3 Bxb4 39. Bc5 Be1 40. d5
exd5 41. Kd4 b4 42. Kxd5 b3 43. Bd4 Kf7 44. Bb2 Bf2 45. Kd6 Ke8 46. Ke6 Bh4 47.
g3 Bd8 48. Kd5 Bb6 49. h3 Bf2 50. g4 fxg4 51. hxg4 Bg3 52. Ke6 h5 53. gxh5 gxh5
54. Kf5 h4 55. Kg4 Kf7 56. f4 Ke7 57. f5 Bf2 58. Ba3+ Kd7 59. Bb2 Be1 60. e6+
Ke7 61. Kg5 h3 62. Ba3+ Kd8 63. f6 h2 64. e7+ Kd7 65. f7 Bh4+ 66. Kg6 Bxe7 67.
Bxe7 Kxe7 68. Kg7 h1=Q 69. f8=Q+ Ke6 70. Qf7+ 1/2-1/2